Computer programs for structural analysis

Saved in:
Bibliografiske detaljer
Hovedforfatter: Weaver, William (Author)
Format: Bog
Sprog:engelsk
Udgivet: Nueva York D. Van Nostrand 1967
Serier:Van Nostrand Engineering Paperback
Fag:
Tags: Tilføj Tag
Ingen Tags, Vær først til at tagge denne postø!

MARC

LEADER 00000nam a2200000 a 4500
001 UCU5889
003 CL-VaPUC
008 960614e19670000us |||||||||||||||||eng|d
082 0 4 |a 624.171  |b WEA  |2 21 
100 0 |a Weaver, William  |e author  |9 363955 
245 1 0 |a Computer programs for structural analysis 
300 |a 300 p 
942 |c BK 
945 |d 19960614 00:00:00  |a cmena 
260 |a Nueva York  |b D. Van Nostrand  |c 1967 
650 0 |a Estructuras-construcción  |9 262358 
650 0 |a Aplicaciones de computadores  |9 260401 
650 0 |a Computadores  |9 258188 
650 0 |a Ingeniería civil  |9 260076 
650 7 |a PROGRAMAS DE COMPUTADOR  |2 CL-VaPUC  |9 262390 
650 0 |a Matrices (Matemáticas)  |9 269972 
650 0 |a Matemática aplicada   |9 260236 
650 7 |a TECNOLOGIA DE LA CONSTRUCCION  |2 CL-VaPUC  |9 260196 
583 |a last modification  |c 20171010 10:08:07  |k Rodrigo Vera 
490 0 |a Van Nostrand Engineering Paperback 
999 |c 249041  |d 249039 
952 |0 0  |1 0  |4 0  |6 624_171000000000000_WEA_1967  |7 0  |8 A  |9 266045  |a BIBING  |b BIBING  |d 2019-11-19  |i 1686194  |o 624.171 WEA 1967  |p 1686194  |r 2025-01-20  |w 2019-11-19  |y BK  |k ING